000 00472nam a2200181Ia 4500
005 20250317130329.0
008 008 250317s9999 xx 000 0 eng d
037 _aTextbook
040 _aFMSL
_beng
_cFMSL
041 _aeng
_2eng
084 _qFMSL
100 _aKerbo H R
_9739069
245 0 _aSocial Stratification and Inequality
260 _aMc
_bMc, Graw Hill Book co.
_c1983
300 _a511p
942 _cTB
999 _c1263304
_d1263304